Non-negative matrices and Markov chains /
Guardado en:
| Autor Principal: | |
|---|---|
| Formato: | Libro |
| Idioma: | English |
| Publicado: |
New York :
Springer-Verlag,
c1981.
|
| Edición: | 2nd ed. |
| Series: | Springer series in statistics
|
| Materias: | |
| Etiquetas: |
Agregar Etiqueta
Sin Etiquetas, Sea el primero en etiquetar este registro!
|
| LEADER | 00874pam a2200241 a 4500 | ||
|---|---|---|---|
| 001 | MAT.inmabb004222 | ||
| 008 | 810507s1981####nyu######b####001#0#eng## | ||
| 005 | 20130311181942.0 | ||
| 245 | 1 | 0 | |a Non-negative matrices and Markov chains / |c E. Seneta. |
| 250 | |a 2nd ed. | ||
| 260 | |a New York : |b Springer-Verlag, |c c1981. | ||
| 300 | |a xv, 279 p. ; |c 25 cm. | ||
| 440 | 0 | |a Springer series in statistics | |
| 500 | |a "A considerably modified version of the author's earlier book Non-negative matrices (1973)"--Preface. | ||
| 504 | |a Incluye referencias bibliográficas (p. 257-269) e índices. | ||
| 510 | 4 | |a MR, |c 85i:60058 | |
| 100 | 1 | |a Seneta, E. |q (Eugene), |d 1941- | |
| 650 | 0 | |a Non-negative matrices. | |
| 650 | 0 | |a Markov processes. | |
| 084 | |a 60J10 (15A48 15A51 60-02) |2 msc2000 | ||
| 010 | |a 81005768 | ||
| 040 | |a DLC |c DLC |d DLC | ||
| 859 | |h 60 |i Se475-2 |p A-6690 |b BIB. MATEMATICA | ||
